50 Biggest Cities in NATO - Statistics

General Stats
  • This quiz has been taken 66 times
  • The average score is 37 of 50
Answer Stats
Country Population City % Correct
Turkey 15,113,808 Istanbul
98%
United Kingdom 9,047,570 London
98%
France 2,175,601 Paris
98%
Italy 2,783,809 Rome
98%
Germany 3,669,491 Berlin
97%
Spain 3,334,730 Madrid
97%
United States 8,336,817 New York City
97%
United States 3,979,576 Los Angeles
95%
United States 2,693,976 Chicago
93%
United States 2,320,268 Houston
93%
Canada 1,821,070 Montréal
93%
Canada 2,988,408 Toronto
93%
Poland 1,790,658 Warsaw
93%
Turkey 5,036,238 Ankara
92%
Romania 1,883,425 Bucharest
92%
Hungary 1,752,286 Budapest
92%
Germany 1,847,253 Hamburg
90%
Germany 1,484,226 Munich
90%
Spain 1,664,182 Barcelona
88%
Italy 1,397,715 Milan
88%
United States 1,343,573 Dallas
87%
Czechia 1,335,084 Prague
87%
United Kingdom 1,160,254 Birmingham
85%
Denmark 1,336,982 Copenhagen
85%
Netherlands 1,114,745 Amsterdam
83%
Italy 940,940 Naples
82%
Turkey 2,956,772 İzmir
80%
United States 1,584,064 Philadelphia
80%
Bulgaria 1,242,568 Sofia
80%
Canada 1,361,852 Calgary
78%
Canada 1,047,003 Edmonton
77%
Canada 1,043,130 Ottawa
77%
United States 1,680,992 Phoenix
75%
United States 1,423,851 San Diego
75%
Germany 1,087,863 Cologne
73%
United States 1,547,253 San Antonio
70%
Turkey 1,240,891 Antalya
63%
United States 978,908 Austin
62%
United States 1,021,795 San Jose
57%
United States 911,507 Jacksonville
55%
United States 898,553 Columbus
48%
Turkey 1,968,867 Bursa
47%
United States 885,708 Charlotte
47%
Turkey 1,667,546 Gaziantep
38%
Turkey 1,737,268 Adana
33%
United States 909,585 Fort Worth
28%
Turkey 1,300,605 Konya
23%
Turkey 996,494 Mersin
15%
Turkey 1,035,036 Diyarbakır
10%
Turkey 955,542 Kayseri
10%
No matching quizzes found
Score Distribution
Percent of People with Each Score
Percentile by Number Answered
Your Score History
You have not taken this quiz